000 00302nam a22001337a 4500
008 170712b xxu||||| |||| 00| 0 eng d
020 _a8951
041 _aeng
080 _a030
100 _a26
101 _aENC
245 _aVAN NOSTRAND'S SCIENTIFIC ENCYCLOPEDIA
_cNOSTRAND, D.V
942 _2udc
_cBK
999 _c20262
_d20262